| 000 | 00943nam a22002177a 4500 | ||
|---|---|---|---|
| 003 | BD-DhUL | ||
| 005 | 20161027122940.0 | ||
| 008 | 161027s2014 bg a|||| |||| 001 0 eng d | ||
| 020 | _a9840753061 | ||
| 040 |
_aBD-DhUL _cBD-DhUL |
||
| 082 |
_a529.3 _bBAN |
||
| 245 | 1 |
_aবাংলা সন ও পঞ্জিকার ইতিহাস-চর্চা এবং বৈজ্ঞানিক সংস্কার / _cশামসুজ্জামান খান |
|
| 260 |
_aঢাকা : _bবাংলা একাডেমি, _c2014. |
||
| 300 |
_a[৮], ১১৯ পৃ. : _b চিত্র ; _c ২২ সেমি. |
||
| 365 |
_aBDT _b130.00 |
||
| 504 | _aগ্রন্থপঞ্জিগত তথ্য সংবলিত | ||
| 650 | 0 | _aবর্ষপঞ্জি - বাংলা সন | |
| 650 | 0 |
_aCalenders _xBangali _zYear |
|
| 700 | 1 |
_aখান, শামসুজ্জামান _eed. |
|
| 942 |
_2ddc _cBK |
||
| 999 |
_c116144 _d116144 |
||